000 00875naa a22002657a 4500
001 BR9000770
003 BR-BrBNA
005 20240918180622.0
007 ta
008 230509b bl.||||| |||| 00| 0 por d
040 _aBR-BrBNA
_bpor
_cBiblioteca Nacional de Agricultura
041 _a(Pt)
072 _aL70
_b6100
090 _aL70 BR9000770
100 1 _aMartins, P.C.
245 1 _aMedicacao de frangos de corte
260 3 _aCampinas, SP (Brasil):
_c1989.
500 _aCurso de atualizacao em manejo de frangos de corte Campinas, SP (Brasil): 1989. p. 99-103 (BR9000770-AM)L70
650 _aFRANGO DE CORTE
650 _aINSPECAO VETERINARIA
650 _aMEDICAMENTO
773 0 _tCurso de atualizacao em manejo de frangos de corte
_wL70 BR9000770
_gCampinas, SP (Brasil), 1989. p. 99-103
909 _a202404
_bLucia
_c55
_dLucia Elande
942 _cAM
_2AGRIS
999 _c321338
_d321338